| Registos Bibliográficos associados ao registo de autoridade |
|
Etiqueta de registo: 02273cam 02200505 04500 001 343578 003 http://id.bnportugal.gov.pt/bib/catbnp/343578 100 ## $a19920608d1907 m y0pory01030103ba 101 2# $apor$aita$fita 102 ## $aPT 105 ## $aa z 000by 106 ## $ar 200 1# $aAmore e perdizione$edramma lirico in 3 atti$fFrancisco Braga$gmusica di João M. Arroyo$gtolto dalla novella portughese di C. Castello Branco «Amor de Perdição» 210 #9 $aLisboa$cReal Theatro de S. Carlos,$d[1907]$gTyp. Occidental) 215 ## $a36 p.$cil.$d22 cm 300 ## $aEstreia: Lisboa, Março 1907 304 ## $aTít. de capa: Amor de perdição 317 ## $aColeção Ivo Cruz$5PTBN: C.I.C. 13 V. 317 ## $aConservatório Nacional$5PTBN: C.N. 1096 V. 512 1# $aAmor de perdição 601 02 $aTeatro de São Carlos$j[Libretos]$2SIPOR$31264404 606 ## $aÓperas$j[Libretos]$2SIPOR$31158641 606 ## $aÓperas$j[Libretos]$2SIPOR$31158641 675 ## $a82-293$vBN$zpor$3488282 675 ## $a78.089.1$vBN$zpor$3506605 675 ## $a782(=1:469)$vBN$zpor$31418077 700 #1 $aBraga,$bFrancisco Bernardo,$f1852-1921$364082 702 #1 $aArroio,$bJoão,$f1861-1930$4230$364083 702 #1 $aCastelo Branco,$bCamilo,$f1825-1890$4100$320266 702 #1 $aMarques,$bLuís Salvador,$ffl. 1907$4690$31340150 702 #1 $aAbreu,$bMarques,$f1879-1958$4350$31788 712 01 $aPortugal.$bReal Teatro de São Carlos$4390$315632 712 02 $aEmpresa José Pacini$4400$31047757 712 02 $aTipografia Ocidental$4610$364356 712 01 $aPortugal.$bConservatório Nacional.$bEscola de Música$4390$31172174 801 #0 $aPT$bBN$gRPC 856 40 $2Cópia Digital disponível em: Archive.org$uhttps://archive.org/details/amoreeperdizione00brag/page/n1 856 40 $uhttps://purl.pt/47389 856 41 $uhttps://purl.pt/47389/service/media/cover/low 856 49 $uhttps://purl.pt/47389/service/media/pdf$qapplication/pdf 958 ## $aBND$bLivre$cDigitalizado$d1$ehttps://purl.pt/47389/service/media/cover/max 966 ## $lBN$mFGMON$sL. 18832 V.$x0 966 ## $lBN$mFGMON$sL. 37055 V. 966 ## $lBN$mMUSICA$pCol. Ivo Cruz$sC.I.C. 13 V. $x2 966 ## $lBN$mMUSICA$pConservatório Nacional$sC.N. 1096 V.$x7 995 ## $aPRR2022 $d20231115$idfontes$zBND
|
|
|